000
00336 a2200157 4500
001
57320
020
_a
8535904972
040
_c
Anchieta - Pituba
100
_a
Rees, Celia
240
1
0
_a
Sangue de feiticeira
_l
por
245
1
0
_a
Sangue de feiticeira
300
_a
267
362
0
_a
2004
650
4
_a
Literatura juvenil
942
_c
BK
999
_c
57320
_d
57320